[Event "Voronezh op-B 23rd"]
[Site "Voronezh"]
[Date "2019.06.14"]
[Round "3"]
[White "Shushunov, Aleksei"]
[Black "Gutkovich, Polina"]
[Result "1/2-1/2"]
[WhiteElo "1716"]
[BlackElo "2029"]
[PlyCount "126"]
[EventDate "2019.06.12"]
[EventType "swiss"]
[EventRounds "9"]
[EventCountry "RUS"]
[SourceTitle "EXT 2020"]
[Source "ChessBase"]
[SourceDate "2019.10.17"]
[SourceVersion "1"]
[SourceVersionDate "2019.10.17"]
[SourceQuality "1"]

1. d4 Nf6 2. c4 e6 3. Nc3 c5 4. d5 exd5 5. cxd5 d6 6. Nf3 g6 7. Bf4 Bg7 8. Qa4+ Bd7 9. Qb3 Qc7 10. g3 0-0 11. Bg2 Na6 12. 0-0 Rab8 13. Nd2 Nh5 14. Be3 b5 15. Nce4 h6 16. Bf3 f5 17. Bxh5 gxh5 18. Nc3 Kh7 19. Nf3 b4 20. Nd1 Bb5 21. Re1 Qd7 22. Bf4 c4 23. Qc2 Nc5 24. Be3 Rbc8 25. Bxc5 Rxc5 26. e4 Ba4 27. Qe2 Re8 28. Ne3 fxe4 29. Nh4 Qf7 30. Nef5 Rxd5 31. Nxg7 Kxg7 32. Qxc4 Rf8 33. Qxe4 Qxf2+ 34. Kh1 Rg5 35. Qe7+ Rf7 36. Qxd6 Qxb2 37. Rab1 Qc3 38. Rbc1 Qf6 39. Re6 Qb2 40. Rg6+ Rxg6 41. Qxg6+ Kf8 42. Qxh6+ Ke7 43. Rc7+ Bd7 44. Qg5+ Qf6 45. Qxf6+ Kxf6 46. Kg1 Be6 47. Rc6 Rd7 48. Nf3 Ke7 49. Ra6 Bc4 50. Ra4 Rb7 51. Ne5 Bd5 52. Nd3 Kd6 53. Rxb4 Rxb4 54. Nxb4 Bf7 55. Kf2 a5 56. Nd3 Bxa2 57. Ke3 Ke7 58. Nf4 Bf7 59. Kd2 Kf6 60. Kc2 Kg5 61. Nxh5 Bxh5 62. Kb2 Kg4 63. Ka3 Be8 1/2-1/2

[Event "Kolomna rapid op"]
[Site "Kolomna"]
[Date "2018.02.16"]
[Round "5"]
[White "Maltsevskaya, Aleksandra"]
[Black "Shushunov, Aleksei"]
[Result "1-0"]
[WhiteElo "2274"]
[BlackElo "1409"]
[PlyCount "85"]
[EventDate "2018.02.16"]
[EventType "swiss (rapid)"]
[EventRounds "11"]
[EventCountry "RUS"]
[SourceTitle "CBM 183 Extra"]
[Source "ChessBase"]
[SourceDate "2018.04.19"]
[SourceVersion "1"]
[SourceVersionDate "2018.04.19"]
[SourceQuality "1"]

1. e4 c6 2. Nc3 d5 3. Nf3 dxe4 4. Nxe4 Bf5 5. Ng3 Bg6 6. h4 h6 7. Ne5 Bh7 8. Bc4 e6 9. Qh5 Qe7 10. 0-0 Nf6 11. Qe2 Nbd7 12. d4 Nxe5 13. dxe5 Nd5 14. h5 Qh4 15. Bxd5 exd5 16. e6 Bc5 17. exf7+ Kxf7 18. Be3 Bxe3 19. Qxe3 Rhe8 20. Qb3 b6 21. a4 Qc4 22. Qf3+ Kg8 23. c3 Qd3 24. Qg4 Qc4 25. Qf3 Qd3 26. Qxd3 Bxd3 27. Rfd1 Bh7 28. a5 b5 29. b4 Re6 30. f3 Rae8 31. Kf2 Kf7 32. Rd2 Kf6 33. Ne2 Re3 34. Rc1 Bf5 35. Nd4 Bd7 36. g4 Kg5 37. Nxb5 Bxg4 38. Nd4 Bxh5 39. c4 Kf4 40. cxd5 cxd5 41. Rc7 Bxf3 42. Rf7+ Ke4 43. Nxf3 1-0